000 01119nam a2200325Ia 4500
003 OSt
005 20221007124921.0
006 a|||||r|||| 00| 0
007 ta
008 221006b |||||||| |||| 00| 0 eng d
020 _a9783527335381 (HBK)
024 _a200471
037 _b14289, 18/02/2019, Intercontinental Book Agency
_cTextual
040 _aCDL
_cCDL
_beng
041 _2eng
_aeng
082 _aF56, Q8 Carc
100 _aHandlen Norbert Ed.
_9720997
245 0 _aDrug selectivity: An evolving concept in medicinal chemistry
_b Buschmann Helmut Ed.
260 _aGermany
_bJohn Wiley
_c2018
300 _axvi,519p. ill.
_ccm.
490 _vSeries Vol. 72
_aMethods and principles in medicinal chemistry
500 _aIndex 509-519p.
650 _a Drug discovery
650 _a Drug discovery
650 _a Marketed drugs
_9720998
650 _aChemistry
700 _a Buschmann Helmut Ed.
_9720999
942 _hF56, Q8 Carc
_cTEXL
_2CC
999 _c1214382
_d1214382